000 01658nam a2200313 i 4500
003 EG-GICUC
005 20260410222017.0
008 260129s1980 ua ||||fr|||| 00| 0 ara d
040 _a EG-GICUC
_bara
_c EG-GICUC
_d EG-GICUC
_erda
041 _aara
082 0 4 _221
_a343.314
_bر ؤ . م
092 0 4 _221
099 _aLaw1 10 343.314 ر ؤ . م 3 ed - 1980
100 0 _aرؤوف عبيد
_eمؤلف.
245 1 2 _aالمشكلات العملية الهامة في الإجراءات الجنائية.
_nالجزء الثانى،
_pدراسات موسعة فى :- نظرية المصلحة فى الطعن الجنائى . الطعن فى الحكم باعتبار المعارضة كأن لم تكن . الصلة بين جواز الاسئناف وجواز النقض . الطعن فى اوامر الاحالة والأوامر بألاوجه لاقامة الدعوى /
_cتأليف الدكتور رؤوف عبيد.
250 _aطبعة ثالثة،
_bمنقحة ومزيدة فى ضوء أخر التعديلات واحدث الأحكام.
264 1 _aالقاهرة :
_bدار الفكر العربي،
_c1980.
300 _a661 صفحة ;
_c24 سم.
_bإيضاحيات، صور، مثيليات ؛
336 _2rda content
_atext
337 _2rda media
_aComputer
338 _2rda carrier
_aOnline Resource
504 _aيشتمل على إرجاعات ببليوجرافية.
650 1 _aالقانون الجنائي
_2qrmak
650 1 _aذاتية الإجراءات الجنائية
_2qrmak
651 1 _2qrmak
856 4 0 _uhttps://fll.law.cu.edu.eg/fulltext/bks/B10-05275.pdf
905 _a43
942 _2ddc
_n0
_cBK
_e21
999 _c60072
_d60072